000 00270nam a22001097a 4500
005 20251015135849.0
008 251015b |||||||| |||| 00| 0 eng d
020 _a9789350535981
_qhbk
082 _a338 SIN
245 _aBusiness Statistics
_c/G.B.Singh
942 _cENGLISH
999 _c591655
_d591655